| 000 | 00809nam a2200241 a 4500 | ||
|---|---|---|---|
| 001 | 000015915 | ||
| 005 | 20200929164211.0 | ||
| 008 | 100222s2008 dr c 000 0 spa d | ||
| 040 |
_aDO-SdBNP _bspa _cBNPHU |
||
| 082 |
_axxxx _bC542i |
||
| 245 | 0 | 0 |
_aChispas : _binspiraciones! Antología poética y otras manifestaciones / _cFlor Esperanza Rijo Rivera [et...al.]. |
| 260 |
_aSanto Domingo : _b[s.n.], _c2008. |
||
| 300 |
_a64 p. : _bretrs. ; _c22 cm. |
||
| 700 | 1 |
_aRijo Rivera, Flor Esperanza _935795 |
|
| 700 | 1 |
_aTavárez Justo, Eduardo _935796 |
|
| 700 | 1 |
_aGarcía S., Cristina _935797 |
|
| 700 | 1 |
_aSilfa, Gabriel _935798 |
|
| 700 | 1 |
_aRodríguez, Xiomara I. _935799 |
|
| 700 | 1 |
_aGarcía Zorrilla, Jesús _935800 |
|
| 700 | 1 |
_aAnónimo _935801 |
|
| 700 | 1 |
_aWakivegh, Pipfax _935802 |
|
| 049 | _aBNPD | ||
| 999 |
_c15457 _d15457 |
||